000 00595nam a2200169Ia 4500
005 20250508160024.0
008 008 250505s9999 xx 000 0 eng d
037 _aBooks to be hide in OPAC
040 _aFEDL
_beng
_cFEDL
041 _aeng
_2eng
084 _a377.095 91, BUR
_qFEDL
245 0 _aReport of the committee appointed to consider and report upon buddhist religious instruction for buddhist pupils in vernacular lay schools under buddhist management: 1928-29
260 _c1931
300 _a19p.
942 _cHB
_h377.095 91, BUR
999 _c1361128
_d1361128